| Tag |
First Indicator |
Second Indicator |
Subfields |
| LEADER |
00000cem a2200000 4500 |
| 001 |
in00001404072 |
| 005 |
20151020054318.0 |
| 008 |
700303s1958 enk a 0 eng |
| 010 |
|
|
|a gm 69002538
|
| 035 |
|
|
|a (OCoLC)05473832
|
| 035 |
|
|
|9 AHN1072AM
|
| 040 |
|
|
|a DLC
|c DLC
|d TXA
|d UtOrBLW
|
| 049 |
|
|
|a TXAC
|
| 050 |
0 |
0 |
|a G4821.J3 1958
|b .G7
|
| 052 |
|
|
|a 4821
|
| 110 |
1 |
|
|a Great Britain.
|b Directorate of Overseas Surveys.
|
| 245 |
1 |
0 |
|a British Honduras provisional soil map /
|c Drawn and photographed by Directorate of Overseas Surveys 1958.
|
| 255 |
|
|
|a Scale 1:250,000.
|
| 264 |
|
1 |
|a [Tolworth, Surrey],
|b [publisher not identified] ;
|c [1958]
|
| 300 |
|
|
|a 1 map :
|b color ;
|c 120 x 66 cm. on 2 sheets 64 x 71 cm.
|
| 336 |
|
|
|a cartographic image
|b cri
|2 rdacontent
|
| 337 |
|
|
|a unmediated
|b n
|2 rdamedia
|
| 338 |
|
|
|a sheet
|b nb
|2 rdacarrier
|
| 490 |
1 |
|
|a D.O.S. ;
|v 241A
|
| 500 |
|
|
|a Cartographic material.
|
| 650 |
|
0 |
|a Soils
|z Belize
|x Maps.
|
| 830 |
|
0 |
|a D.O.S. (Series) ;
|v 241A.
|
| 999 |
|
|
|a MARS
|
| 999 |
f |
f |
|s 50e034a0-c759-3609-b3cc-8013cf26c92a
|i 181dcaa0-3f7e-3c12-bc6b-e047e418be3e
|t 0
|
| 952 |
f |
f |
|p normal
|a Texas A&M University
|b College Station
|c Sterling C. Evans Library
|d Evans: Maps (2nd floor)
|t 0
|e G4821.J3 1958 .G7
|h Library of Congress classification
|i unmediated -- sheet
|k Sheet 1
|m A14816012371
|
| 952 |
f |
f |
|p normal
|a Texas A&M University
|b College Station
|c Sterling C. Evans Library
|d Evans: Maps (2nd floor)
|t 0
|e G4821.J3 1958 .G7
|h Library of Congress classification
|i unmediated -- sheet
|k Sheet 2
|m A14822126900
|
| 952 |
f |
f |
|p normal
|a Texas A&M University
|b College Station
|c Sterling C. Evans Library
|d Evans: Maps (2nd floor)
|t 0
|e G4821.J3 1958 .G7
|h Library of Congress classification
|i unmediated -- sheet
|k Sheet 1
|m A14818122431
|
| 952 |
f |
f |
|p normal
|a Texas A&M University
|b College Station
|c Sterling C. Evans Library
|d Evans: Maps (2nd floor)
|t 0
|e G4821.J3 1958 .G7
|h Library of Congress classification
|i unmediated -- sheet
|k Sheet 1
|m A14822126772
|
| 952 |
f |
f |
|p normal
|a Texas A&M University
|b College Station
|c Sterling C. Evans Library
|d Evans: Maps (2nd floor)
|t 0
|e G4821.J3 1958 .G7
|h Library of Congress classification
|i unmediated -- sheet
|k Sheet 2
|m A14816730547
|
| 998 |
f |
f |
|a G4821.J3 1958 .G7
|s Sheet 1-Sheet 2
|t 0
|l Evans: Maps (2nd floor)
|
| 998 |
f |
f |
|a G4821.J3 1958 .G7
|s Sheet 1
|t 0
|l Evans: Maps (2nd floor)
|
| 998 |
f |
f |
|a G4821.J3 1958 .G7
|s Sheet 1-Sheet 2
|t 0
|l Evans: Maps (2nd floor)
|